[Event "Valasska Bystrice op"]
[Site "Valasska Bystrice"]
[Date "2016.09.11"]
[Round "3"]
[White "Sabolova, Kristyna"]
[Black "Jirousek, Tadeas"]
[Result "1/2-1/2"]
[WhiteElo "1845"]
[BlackElo "1577"]
[PlyCount "49"]
[EventDate "2016.09.10"]
[EventType "swiss"]
[EventRounds "9"]
[EventCountry "CZE"]
[SourceTitle "CBM 174 Extra"]
[Source "ChessBase"]
[SourceDate "2016.10.10"]
[SourceVersion "1"]
[SourceVersionDate "2016.10.10"]
[SourceQuality "1"]

1. d4 e6 2. Nf3 d5 3. e3 f5 4. Bd3 Nf6 5. 0-0 Bd6 6. c4 c6 7. b3 Ne4 8. Qc2 0-0 9. Ba3 Bxa3 10. Nxa3 Rf6 11. Ne5 Rh6 12. Bxe4 fxe4 13. f4 Qh4 14. g3 Qe7 15. Nb1 Nd7 16. Nc3 Nxe5 17. fxe5 Bd7 18. Rf4 Be8 19. Nb1 Bg6 20. Nd2 Rh5 21. Raf1 Qd7 22. Qd1 Rf5 23. Qe2 Raf8 24. Rxf5 Rxf5 25. Rxf5 1/2-1/2

[Event "CZE-ch U20 Girls"]
[Site "Frydek Mistek"]
[Date "2014.11.20"]
[Round "6"]
[White "Ambrozova, Lucie"]
[Black "Sabolova, Kristyna"]
[Result "1-0"]
[WhiteElo "1633"]
[BlackElo "1894"]
[PlyCount "121"]
[EventDate "2014.11.16"]
[EventType "swiss"]
[EventRounds "9"]
[EventCountry "CZE"]
[SourceTitle "CBM 163 Extra"]
[Source "ChessBase"]
[SourceDate "2014.12.23"]
[SourceVersion "1"]
[SourceVersionDate "2014.12.23"]
[SourceQuality "1"]

1. e4 c6 2. d4 d5 3. exd5 cxd5 4. c4 Nf6 5. Nc3 e6 6. Nf3 Nc6 7. cxd5 Nxd5 8. Bd3 Be7 9. 0-0 h6 10. Re1 0-0 11. a3 a6 12. Be4 Re8 13. Nxd5 exd5 14. Bc2 Bf8 15. Rxe8 Qxe8 16. Qd3 g6 17. Qc3 Bg4 18. Ne5 Nxe5 19. dxe5 Rc8 20. Qb3 Qxe5 21. Bd2 Bd6 22. g3 Qe2 23. Qd3 Be5 24. Qxe2 Bxe2 25. Bb3 Bc4 26. Bxc4 dxc4 27. Rb1 h5 28. Kf1 Rd8 29. Ke2 Rd3 30. a4 Rb3 31. Rc1 b5 32. axb5 axb5 33. Bc3 Bxc3 34. bxc3 Kg7 35. Ke3 b4 36. Kd4 Rxc3 37. Rxc3 bxc3 38. Kxc3 Kf6 39. Kxc4 Kf5 40. f3 g5 41. Kd5 f6 42. Kd6 h4 43. Kd5 h3 44. Kd4 g4 45. f4 Ke6 46. Kc5 Kd7 47. Kd5 Ke7 48. f5 Kd7 49. Ke4 Kd6 50. Kf4 Kd5 51. Kxg4 Ke4 52. Kxh3 Kxf5 53. Kh4 Kg6 54. Kg4 Kf7 55. Kf5 Kg7 56. h4 Kf7 57. g4 Kg7 58. h5 Kf7 59. h6 Kg8 60. Kxf6 Kh7 61. g5 1-0

[Event "CZE-ch U20 Girls"]
[Site "Frydek Mistek"]
[Date "2014.11.19"]
[Round "5"]
[White "Sabolova, Kristyna"]
[Black "Gresova, Zuzana"]
[Result "1/2-1/2"]
[WhiteElo "1894"]
[BlackElo "1830"]
[PlyCount "105"]
[EventDate "2014.11.16"]
[EventType "swiss"]
[EventRounds "9"]
[EventCountry "CZE"]
[SourceTitle "CBM 163 Extra"]
[Source "ChessBase"]
[SourceDate "2014.12.23"]
[SourceVersion "1"]
[SourceVersionDate "2014.12.23"]
[SourceQuality "1"]

1. d4 d5 2. Nf3 Nf6 3. e3 e6 4. Be2 Be7 5. 0-0 0-0 6. c4 c6 7. Nc3 Nbd7 8. Qc2 h6 9. b3 Re8 10. Bb2 b6 11. e4 dxe4 12. Nxe4 Bb7 13. Rad1 Qc7 14. Nxf6+ Bxf6 15. Rfe1 Rad8 16. Bd3 Qb8 17. Ne5 Nxe5 18. dxe5 Bg5 19. Bh7+ Kh8 20. Be4 c5 21. Bxb7 Qxb7 22. Bc1 Bxc1 23. Qxc1 Qc7 24. f4 Kg8 25. Re2 Rd4 26. Rxd4 cxd4 27. Rd2 Qc5 28. Qd1 Rd8 29. Rd3 b5 30. cxb5 Qxb5 31. Kh1 Qd5 32. h3 Qe4 33. Qf3 Qxf3 34. gxf3 Kh7 35. Kg2 Kg6 36. Kg3 Kf5 37. h4 f6 38. exf6 gxf6 39. b4 e5 40. fxe5 fxe5 41. Kf2 Rc8 42. Ra3 Rc7 43. Ra6 Rc2+ 44. Kg3 Rc7 45. Rd6 Rb7 46. a3 Rb5 47. Rxh6 Rd5 48. Rh5+ Ke6 49. Rh6+ Kf5 50. Rh5+ Ke6 51. Rh6+ Kf5 52. Rh5+ Ke6 53. Rh6+ 1/2-1/2

[Event "Olomouc op 17th"]
[Site "Olomouc"]
[Date "2014.07.31"]
[Round "1"]
[White "Sabolova, Kristyna"]
[Black "Chudinovskih, Alexander N"]
[Result "0-1"]
[WhiteElo "1855"]
[BlackElo "2293"]
[PlyCount "64"]
[EventDate "2014.07.31"]
[EventType "swiss"]
[EventRounds "9"]
[EventCountry "CZE"]
[SourceTitle "CBM 161 Extra"]
[Source "ChessBase"]
[SourceDate "2014.08.29"]
[SourceVersion "1"]
[SourceVersionDate "2014.08.29"]
[SourceQuality "1"]

1. d4 Nf6 2. Nf3 d5 3. e3 Bf5 4. Be2 e6 5. 0-0 Be7 6. c4 h6 7. Nc3 0-0 8. b3 Nbd7 9. Bb2 c6 10. Bd3 Ne4 11. Qc2 Ndf6 12. Nd2 Nxd2 13. Qxd2 Bxd3 14. Qxd3 Qa5 15. e4 dxc4 16. bxc4 Rad8 17. e5 Nd7 18. Qe2 Nb6 19. Ne4 Na4 20. Rad1 Nxb2 21. Qxb2 Qb4 22. Qc1 b5 23. cxb5 Rxd4 24. Rxd4 Qxd4 25. Qxc6 Qxe5 26. a4 Rd8 27. Qb7 Bb4 28. Ng3 Bc5 29. Qe4 Qb2 30. Ne2 Rd2 31. Re1 Qf6 32. Rf1 Qxf2+ 0-1

[Event "Kouty nad Desnou op-A"]
[Site "Kouty nad Desnou"]
[Date "2014.03.11"]
[Round "5"]
[White "Sabolova, Kristyna"]
[Black "Simunek, Filip"]
[Result "1/2-1/2"]
[WhiteElo "1861"]
[BlackElo "2176"]
[PlyCount "41"]
[EventDate "2014.03.08"]
[EventType "swiss"]
[EventRounds "9"]
[EventCountry "CZE"]
[SourceTitle "EXT 2015"]
[Source "ChessBase"]
[SourceDate "2014.11.20"]
[SourceVersion "1"]
[SourceVersionDate "2014.11.20"]
[SourceQuality "1"]

1. d4 f5 2. c4 Nf6 3. Nc3 g6 4. Nf3 Bg7 5. e3 0-0 6. Bd3 d6 7. 0-0 Nc6 8. d5 Ne5 9. Nxe5 dxe5 10. e4 f4 11. f3 g5 12. g4 fxg3 13. hxg3 h6 14. Kg2 Qe8 15. Be3 a6 16. c5 Qg6 17. Qd2 Nh5 18. Ne2 Bf6 19. Rh1 Nf4+ 20. Kf2 Nxe2 21. Kxe2 1/2-1/2

[Event "Kouty nad Desnou op-F"]
[Site "Kouty nad Desnou"]
[Date "2013.03.12"]
[Round "4"]
[White "Sabolova, Kristyna"]
[Black "Havelka, Jan"]
[Result "0-1"]
[WhiteElo "1878"]
[BlackElo "1754"]
[PlyCount "78"]
[EventDate "2013.03.09"]
[EventType "swiss"]
[EventRounds "9"]
[EventCountry "CZE"]
[SourceTitle "EXT 2015"]
[Source "ChessBase"]
[SourceDate "2014.11.20"]
[SourceVersion "1"]
[SourceVersionDate "2014.11.20"]
[SourceQuality "1"]

1. d4 Nf6 2. Nf3 g6 3. e3 Bg7 4. Bd3 0-0 5. 0-0 c5 6. c4 cxd4 7. exd4 d5 8. b3 Nc6 9. Bb2 dxc4 10. Bxc4 Nb4 11. Nbd2 Bf5 12. Qe2 a6 13. a3 Nbd5 14. g3 b5 15. Bd3 Bxd3 16. Qxd3 Qb6 17. Rac1 Rac8 18. Ne4 Nxe4 19. Qxe4 e6 20. Ne5 Qb7 21. Rc5 Rfd8 22. f4 Bf8 23. b4 Qa8 24. Ng4 h5 25. Rxc8 Rxc8 26. Ne5 Nb6 27. d5 Qxd5 28. Qe2 Qb3 29. Nc6 Nc4 30. Rb1 Rxc6 31. Qe4 Qe3+ 32. Qxe3 Nxe3 33. Bd4 Nd5 34. Rb2 Bg7 35. Bxg7 Kxg7 36. Kf2 Rc3 37. Ra2 Rb3 38. a4 Rxb4 39. axb5 axb5 0-1

[Event "Kouty nad Desnou op-F"]
[Site "Kouty nad Desnou"]
[Date "2013.03.11"]
[Round "3"]
[White "Kosut, Tomas"]
[Black "Sabolova, Kristyna"]
[Result "0-1"]
[WhiteElo "1763"]
[BlackElo "1878"]
[PlyCount "78"]
[EventDate "2013.03.09"]
[EventType "swiss"]
[EventRounds "9"]
[EventCountry "CZE"]
[SourceTitle "EXT 2015"]
[Source "ChessBase"]
[SourceDate "2014.11.20"]
[SourceVersion "1"]
[SourceVersionDate "2014.11.20"]
[SourceQuality "1"]

1. e4 c6 2. d4 d5 3. exd5 cxd5 4. Bd3 Nc6 5. c3 Qc7 6. Be3 Nf6 7. Nd2 e5 8. dxe5 Nxe5 9. Bc2 Bd6 10. h3 0-0 11. Ngf3 Nc4 12. Nxc4 dxc4 13. 0-0 Rd8 14. Qe2 b6 15. Rfe1 Bb7 16. Nd4 a6 17. Nf5 Qc6 18. Qf1 Bf8 19. Bg5 b5 20. Ne7+ Bxe7 21. Rxe7 Re8 22. Bxf6 Qxf6 23. Rxb7 Qc6 24. Bxh7+ Kf8 25. Rxf7+ Kxf7 26. Bc2 Rad8 27. Rd1 Qe6 28. Rxd8 Rxd8 29. Qc1 Qe5 30. b3 Re8 31. bxc4 Qe1+ 32. Qxe1 Rxe1+ 33. Kh2 bxc4 34. Kg3 Rc1 35. Be4 Rxc3+ 36. Kf4 Kf6 37. h4 Ra3 38. Bb1 c3 39. g4 Rxa2 0-1

[Event "EU-ch U18 Girls"]
[Site "Prague"]
[Date "2012.08.21"]
[Round "5"]
[White "Sabolova, Kristyna"]
[Black "Vatkali, Dimitra"]
[Result "0-1"]
[WhiteElo "1889"]
[BlackElo "1936"]
[PlyCount "102"]
[EventDate "2012.08.17"]
[EventType "swiss"]
[EventRounds "9"]
[EventCountry "CZE"]
[SourceTitle "CBM 150 Extra"]
[Source "ChessBase"]
[SourceDate "2012.10.19"]
[SourceVersion "1"]
[SourceVersionDate "2012.10.19"]
[SourceQuality "1"]

1. d4 Nf6 2. Nf3 e6 3. e3 b6 4. Bd3 Bb7 5. Nbd2 c5 6. 0-0 cxd4 7. exd4 Be7 8. b3 0-0 9. Bb2 d6 10. c4 Nbd7 11. Rc1 Rc8 12. Qe2 Re8 13. Rfe1 Nf8 14. Ne4 Ng6 15. Qd2 Nxe4 16. Bxe4 Bxe4 17. Rxe4 d5 18. Ree1 Bf6 19. Red1 dxc4 20. bxc4 Re7 21. Rc2 Rd7 22. Qb4 Qc7 23. Rdc1 Qf4 24. c5 bxc5 25. Rxc5 Rcd8 26. Qa5 Qg4 27. h3 Qe4 28. Rc8 Qb7 29. Qc3 Nf4 30. Rxd8+ Rxd8 31. Qd2 Nxh3+ 32. Kh2 Nf4 33. Bc3 Nd5 34. Ba5 Qb8+ 35. g3 Rc8 36. Rxc8+ Qxc8 37. Ne5 Bxe5 38. dxe5 h6 39. Bb4 Qc4 40. Bd6 a6 41. Qb2 Qd3 42. a4 Kh7 43. a5 Nc3 44. Qb7 Kg6 45. Qb6 Ne4 46. Kg2 Nd2 47. Qc6 Qf1+ 48. Kh2 Qxf2+ 49. Kh3 Qf1+ 50. Kh4 Nf3+ 51. Kg4 h5+ 0-1

[Event "EU-ch U18 Girls"]
[Site "Prague"]
[Date "2012.08.19"]
[Round "3"]
[White "Sabolova, Kristyna"]
[Black "Machlik, Edit"]
[Result "1/2-1/2"]
[WhiteElo "1889"]
[BlackElo "1740"]
[PlyCount "63"]
[EventDate "2012.08.17"]
[EventType "swiss"]
[EventRounds "9"]
[EventCountry "CZE"]
[SourceTitle "CBM 150 Extra"]
[Source "ChessBase"]
[SourceDate "2012.10.19"]
[SourceVersion "1"]
[SourceVersionDate "2012.10.19"]
[SourceQuality "1"]

1. d4 Nf6 2. Nf3 g6 3. g3 d5 4. c4 Bg7 5. Bg2 0-0 6. b3 dxc4 7. bxc4 c5 8. e3 Nc6 9. Bb2 Bf5 10. Nh4 Be4 11. f3 Bxb1 12. Rxb1 Qa5+ 13. Qd2 Qxa2 14. 0-0 cxd4 15. exd4 Qxc4 16. Rfc1 Qe6 17. f4 Rfd8 18. Ba1 Qd7 19. Rxb7 Qxb7 20. Bxc6 Qb6 21. Bxa8 Rxa8 22. Nf3 a5 23. Ne5 a4 24. Qa2 Qb3 25. Qc2 Qe3+ 26. Kg2 Nd5 27. Qc6 Qe4+ 28. Kf2 Qe3+ 29. Kg2 Qe4+ 30. Kf2 Qe3+ 31. Kg2 Qe4+ 32. Kf2 1/2-1/2

[Event "EU-ch U18 Girls"]
[Site "Prague"]
[Date "2012.08.17"]
[Round "1"]
[White "Sabolova, Kristyna"]
[Black "Iwanow, Anna"]
[Result "1/2-1/2"]
[WhiteElo "1889"]
[BlackElo "2205"]
[PlyCount "118"]
[EventDate "2012.08.17"]
[EventType "swiss"]
[EventRounds "9"]
[EventCountry "CZE"]
[SourceTitle "CBM 150 Extra"]
[Source "ChessBase"]
[SourceDate "2012.10.19"]
[SourceVersion "1"]
[SourceVersionDate "2012.10.19"]
[SourceQuality "1"]

1. d4 g6 2. Nf3 Bg7 3. g3 c5 4. c3 cxd4 5. cxd4 d6 6. Bg2 Qb6 7. b3 Nc6 8. Bb2 Bg4 9. Nbd2 Nh6 10. 0-0 d5 11. h3 Be6 12. e3 Nb4 13. Qe2 Bd7 14. a4 0-0 15. Ba3 Nf5 16. Ne1 Nd6 17. Bxb4 Qxb4 18. Nd3 Qb6 19. Nc5 Bc6 20. Rab1 a5 21. Qd3 Qa7 22. Qc2 b6 23. Nd3 Rfc8 24. Qb2 e6 25. Rfc1 Rab8 26. Qa3 Bf8 27. Qa2 Ne8 28. Ne5 Ba8 29. Qb2 f6 30. Nd3 Nc7 31. e4 dxe4 32. Bxe4 Nd5 33. Rxc8 Rxc8 34. Rc1 Re8 35. Bg2 Qd7 36. Nc4 Rd8 37. Rd1 Bb7 38. Re1 Re8 39. Qa1 Kg7 40. Qb2 Rd8 41. Rd1 Re8 42. Ne3 g5 43. Rc1 Bd6 44. Nxd5 exd5 45. Re1 Rc8 46. Rc1 Rf8 47. Qd2 h5 48. f4 Qf5 49. Rf1 Ba6 50. Rd1 Re8 51. fxg5 fxg5 52. Kh2 h4 53. Ne5 hxg3+ 54. Kxg3 Bxe5+ 55. dxe5 Qxe5+ 56. Kf2 Qf5+ 57. Kg1 Rf8 58. Qd4+ Rf6 59. Qxd5 Qxd5 1/2-1/2

[Event "EU-chT U18 Girls 12th"]
[Site "Pardubice"]
[Date "2012.07.18"]
[Round "9"]
[White "Tran, My Linh"]
[Black "Sabolova, Kristyna"]
[Result "1-0"]
[WhiteElo "2032"]
[BlackElo "1898"]
[PlyCount "89"]
[EventDate "2012.07.12"]
[EventType "team-swiss"]
[EventRounds "9"]
[EventCountry "CZE"]
[SourceTitle "EXT 2020"]
[Source "ChessBase"]
[SourceDate "2019.10.17"]
[SourceVersion "1"]
[SourceVersionDate "2019.10.17"]
[SourceQuality "1"]
[WhiteTeam "Germany U18 (W)"]
[BlackTeam "Czech Republic U18 (W)"]
[WhiteTeamCountry "GER"]
[BlackTeamCountry "CZE"]

1. e4 c6 2. d4 d5 3. exd5 cxd5 4. Bd3 Nc6 5. c3 Nf6 6. Bf4 Bg4 7. Qb3 Qd7 8. Nd2 e6 9. Ngf3 Bxf3 10. Nxf3 Bd6 11. Bxd6 Qxd6 12. 0-0 Qc7 13. Rae1 0-0 14. Ne5 Nd7 15. f4 f6 16. Ng4 f5 17. Ne3 Nf6 18. Qd1 Rae8 19. Nc2 a6 20. Re3 b5 21. a3 Ne4 22. Rh3 Qf7 23. Ne1 Rb8 24. Nf3 h6 25. Qe2 Qb7 26. Ne5 Nxe5 27. Bxe4 dxe4 28. dxe5 Qb6+ 29. Kh1 Rbd8 30. g4 Qc5 31. gxf5 exf5 32. Rg1 Qc6 33. Qg2 Rd7 34. Rg3 Qc7 35. Rg6 Kh7 36. Rxa6 Qb7 37. Rxh6+ Kg8 38. Rg6 Rfd8 39. h4 e3 40. Qxb7 Rxb7 41. Re1 Rd2 42. Rxe3 Rxb2 43. e6 Kh7 44. Rg5 g6 45. e7 1-0

[Event "EU-chT U18 Girls 12th"]
[Site "Pardubice"]
[Date "2012.07.16"]
[Round "7"]
[White "Sabolova, Kristyna"]
[Black "Juhasz, Barbara"]
[Result "1/2-1/2"]
[WhiteElo "1898"]
[BlackElo "2121"]
[PlyCount "82"]
[EventDate "2012.07.12"]
[EventType "team-swiss"]
[EventRounds "9"]
[EventCountry "CZE"]
[SourceTitle "EXT 2020"]
[Source "ChessBase"]
[SourceDate "2019.10.17"]
[SourceVersion "1"]
[SourceVersionDate "2019.10.17"]
[SourceQuality "1"]
[WhiteTeam "Czech Republic U18 (W)"]
[BlackTeam "Hungary U18 (W)"]
[WhiteTeamCountry "CZE"]
[BlackTeamCountry "HUN"]

1. d4 Nf6 2. Nf3 g6 3. g3 Bg7 4. Bg2 0-0 5. 0-0 d6 6. b3 Nbd7 7. Bb2 c6 8. c4 Qc7 9. Nc3 e5 10. e4 Re8 11. d5 c5 12. Ne1 Nb8 13. Nd3 Na6 14. a3 h5 15. h3 Nh7 16. Nb5 Qe7 17. f4 f6 18. fxe5 fxe5 19. Qe2 Ng5 20. Kh2 Qd7 21. Nf2 Nc7 22. Nxc7 Qxc7 23. b4 b6 24. h4 Nf7 25. Bh3 Nh6 26. Bc1 Rf8 27. Bg5 Rf7 28. Rac1 Bd7 29. Qd2 Bxh3 30. Kxh3 Qd7+ 31. Kg2 Ng4 32. Nxg4 Qxg4 33. Rxf7 Kxf7 34. Qf2+ Kg8 35. Qf3 Qd7 36. b5 a6 37. Rb1 Rf8 38. Qe2 Ra8 39. Qf3 Qc7 40. Qc3 axb5 41. Rxb5 Ra6 1/2-1/2

[Event "CZE-chTB U20 1112"]
[Site "Czech Republic"]
[Date "2012.04.14"]
[Round "5.4"]
[White "Sabolova, Kristyna"]
[Black "Misicko, Jan Jr"]
[Result "1/2-1/2"]
[WhiteElo "1734"]
[BlackElo "1543"]
[PlyCount "63"]
[EventDate "2012.04.13"]
[EventType "team-tourn"]
[EventRounds "7"]
[EventCountry "CZE"]
[SourceTitle "CBM 148 Extra"]
[Source "ChessBase"]
[SourceDate "2012.06.22"]
[SourceVersion "1"]
[SourceVersionDate "2012.06.22"]
[SourceQuality "1"]
[WhiteTeam "Policka"]
[BlackTeam "Kladno"]
[WhiteTeamCountry "CZE"]
[BlackTeamCountry "CZE"]

1. d4 f5 2. Nf3 Nf6 3. c4 e6 4. a3 d5 5. Nc3 Be7 6. e3 0-0 7. Bd3 Nc6 8. 0-0 Ne4 9. Qc2 Kh8 10. b4 b6 11. Nd2 Bb7 12. f3 Nxc3 13. Qxc3 Bd6 14. f4 Rf6 15. b5 Na5 16. c5 Bf8 17. c6 Bc8 18. Nf3 Qd6 19. Bd2 Nc4 20. Bxc4 dxc4 21. Qxc4 Qd5 22. Qd3 Rg6 23. a4 a6 24. Qe2 Be7 25. Ne5 Rf6 26. Qh5 g6 27. Qh6 axb5 28. axb5 Ra2 29. Rxa2 Qxa2 30. Be1 Qe2 31. Qh3 Bd6 32. Bh4 1/2-1/2

[Event "CZE-chTE U20 1112"]
[Site "Czech Republic"]
[Date "2012.01.21"]
[Round "6.4"]
[White "Miculka, David"]
[Black "Sabolova, Kristyna"]
[Result "1-0"]
[WhiteElo "1865"]
[BlackElo "1734"]
[PlyCount "95"]
[EventDate "2011.10.15"]
[EventType "team-tourn"]
[EventRounds "7"]
[EventCountry "CZE"]
[SourceTitle "EXT 2013"]
[Source "ChessBase"]
[SourceDate "2012.11.22"]
[SourceVersion "1"]
[SourceVersionDate "2012.11.22"]
[SourceQuality "1"]
[WhiteTeam "Namest nad Oslavou"]
[BlackTeam "Policka"]
[WhiteTeamCountry "CZE"]
[BlackTeamCountry "CZE"]

1. e4 c6 2. d4 d5 3. Nd2 dxe4 4. Nxe4 Nd7 5. Ng5 Ngf6 6. Bd3 g6 7. N1f3 Bg7 8. Qe2 Nb6 9. 0-0 0-0 10. c3 Bg4 11. h3 Bxf3 12. Nxf3 Qc7 13. Ne5 e6 14. Bf4 Nbd5 15. Bh2 Qe7 16. Rad1 Rfd8 17. Rfe1 Rac8 18. f4 c5 19. dxc5 Qxc5+ 20. Kh1 Qb6 21. Bg1 Qc7 22. Qf3 a6 23. Bc2 Bh6 24. Bh2 Qa5 25. Bb3 Nh5 26. g4 f6 27. Nc4 Rxc4 28. Bxc4 Nhxf4 29. Bxf4 Nxf4 30. Rxd8+ Qxd8 31. Bxe6+ Nxe6 32. Rxe6 Bg5 33. Kg2 Bh4 34. c4 Qc7 35. b3 Kf7 36. Re3 Kg7 37. Qe4 Qb6 38. c5 Qa5 39. Re2 Kh6 40. Qc4 Qc7 41. Re3 Qc6+ 42. Rf3 Qd7 43. Qd3 Qc6 44. Qe3+ Bg5 45. Qe7 Bh4 46. Qf8+ Kg5 47. Qd6 Qe4 48. Qd2+ 1-0

[Event "CZE-chTE U20 1112"]
[Site "Czech Republic"]
[Date "2012.01.21"]
[Round "7.4"]
[White "Sabolova, Kristyna"]
[Black "Hofirek, Benedikt"]
[Result "0-1"]
[WhiteElo "1734"]
[BlackElo "1949"]
[PlyCount "76"]
[EventDate "2011.10.15"]
[EventType "team-tourn"]
[EventRounds "7"]
[EventCountry "CZE"]
[SourceTitle "EXT 2013"]
[Source "ChessBase"]
[SourceDate "2012.11.22"]
[SourceVersion "1"]
[SourceVersionDate "2012.11.22"]
[SourceQuality "1"]
[WhiteTeam "Policka"]
[BlackTeam "Brno Lokomotiva"]
[WhiteTeamCountry "CZE"]
[BlackTeamCountry "CZE"]

1. d4 d5 2. Nf3 Nf6 3. e3 c5 4. Be2 Nc6 5. 0-0 Bg4 6. Nbd2 e6 7. b3 Bd6 8. Bb2 0-0 9. Rc1 Rc8 10. c4 b6 11. Ne5 Bxe5 12. dxe5 Bxe2 13. Qxe2 Nd7 14. f4 Qe7 15. Kh1 f6 16. exf6 Nxf6 17. g4 Nd7 18. Qg2 Nb4 19. Rcd1 d4 20. exd4 Nd3 21. Ba1 Nxf4 22. Qg3 Ne2 23. Qe3 Nxd4 24. Bxd4 cxd4 25. Qxd4 Nc5 26. b4 Rfd8 27. Qe3 Nd3 28. a3 Nb2 29. Rc1 Rd3 30. Qf2 Rcd8 31. Nf3 Nd1 32. Qe2 Re3 33. Qa2 Red3 34. h3 Qb7 35. Qe2 Ne3 36. Rfe1 Rf8 37. Rf1 Nxf1 38. Qxd3 Rxf3 0-1

[Event "CZE-chTE U20 1112"]
[Site "Czech Republic"]
[Date "2011.10.16"]
[Round "4.4"]
[White "Mrkus, Frantisek"]
[Black "Sabolova, Kristyna"]
[Result "1-0"]
[WhiteElo "1639"]
[BlackElo "1734"]
[PlyCount "129"]
[EventDate "2011.10.15"]
[EventType "team-tourn"]
[EventRounds "7"]
[EventCountry "CZE"]
[SourceTitle "EXT 2013"]
[Source "ChessBase"]
[SourceDate "2012.11.22"]
[SourceVersion "1"]
[SourceVersionDate "2012.11.22"]
[SourceQuality "1"]
[WhiteTeam "Stare Mesto"]
[BlackTeam "Policka"]
[WhiteTeamCountry "CZE"]
[BlackTeamCountry "CZE"]

1. e4 c6 2. d4 d5 3. Nc3 dxe4 4. Nxe4 Nd7 5. Bd3 Ngf6 6. Nf3 Nxe4 7. Bxe4 Nf6 8. Bd3 Bg4 9. Be3 e6 10. c3 Bd6 11. Qe2 Qc7 12. h3 Bh5 13. Bd2 a6 14. c4 0-0 15. a3 Rfd8 16. Bg5 Be7 17. g4 Bg6 18. Bxg6 hxg6 19. Qe3 c5 20. Rd1 cxd4 21. Rxd4 Rxd4 22. Qxd4 Rd8 23. Qf4 Qa5+ 24. Kf1 Bd6 25. Qd2 Qc7 26. Bxf6 Qxc4+ 27. Qe2 Qxe2+ 28. Kxe2 gxf6 29. Rd1 Kf8 30. Rc1 Ke7 31. Rc2 g5 32. Rc3 Bf4 33. a4 b5 34. axb5 axb5 35. Rb3 Rd5 36. Rb4 Bd6 37. Rb3 b4 38. Rd3 Rc5 39. Kd1 Bf4 40. Nd2 f5 41. Nb3 Rc8 42. Rd4 fxg4 43. hxg4 Bd6 44. Kd2 f5 45. gxf5 exf5 46. Rd5 Rf8 47. Nd4 Bf4+ 48. Kd3 Bc1 49. b3 f4 50. Rxg5 Kd6 51. Rf5 Rxf5 52. Nxf5+ Ke5 53. Nd4 Ba3 54. Nc2 Kd5 55. f3 Kc5 56. Ke4 Bc1 57. Ke5 Be3 58. Ne1 Bd2 59. Nd3+ Kc6 60. Nxf4 Bxf4+ 61. Kxf4 Kd5 62. Ke3 Ke5 63. Kd3 Kf4 64. Kc4 Kxf3 65. Kxb4 1-0

[Event "CZE-chT U20 final-B 1011"]
[Site "Czech Republic"]
[Date "2011.04.17"]
[Round "11.4"]
[White "Sabolova, Kristyna"]
[Black "Pfeffer, Dominik"]
[Result "1/2-1/2"]
[WhiteElo "1923"]
[BlackElo "1735"]
[PlyCount "68"]
[EventDate "2010.10.02"]
[EventType "team-tourn"]
[EventRounds "11"]
[EventCountry "CZE"]
[SourceTitle "EXT 2012"]
[Source "ChessBase"]
[SourceDate "2011.11.24"]
[SourceVersion "1"]
[SourceVersionDate "2011.11.24"]
[SourceQuality "1"]
[WhiteTeam "Horice (U20)"]
[BlackTeam "Borsice (U20)"]
[WhiteTeamCountry "CZE"]
[BlackTeamCountry "CZE"]

1. d4 d5 2. Nf3 Nf6 3. Bg5 e6 4. e3 Be7 5. Bd3 h6 6. Bh4 Nbd7 7. 0-0 0-0 8. c4 dxc4 9. Bxc4 c6 10. Nc3 Nd5 11. Bxe7 Qxe7 12. Qe2 Re8 13. Rfd1 N7b6 14. Bb3 Bd7 15. Rac1 Rad8 16. Ne5 Bc8 17. Bc2 Nd7 18. Qd3 N7f6 19. a3 Nxc3 20. bxc3 c5 21. c4 cxd4 22. exd4 Bd7 23. Rb1 Bc6 24. Qe3 Rd6 25. Nxc6 bxc6 26. Ba4 Red8 27. Rb3 Qc7 28. Rbd3 Qa5 29. Bc2 Qa6 30. c5 R6d7 31. Rb1 Nd5 32. Qg3 Rb7 33. Rxb7 Qxb7 34. Rb3 Qc8 1/2-1/2

[Event "CZE-ch U16 Girls"]
[Site "Kouty nad Desnou"]
[Date "2011.03.17"]
[Round "7"]
[White "Richterova, Natasa"]
[Black "Sabolova, Kristyna"]
[Result "1/2-1/2"]
[WhiteElo "1674"]
[BlackElo "1767"]
[PlyCount "44"]
[EventDate "2011.03.12"]
[EventType "swiss"]
[EventRounds "9"]
[EventCountry "CZE"]
[SourceTitle "EXT 2014"]
[Source "ChessBase"]
[SourceDate "2013.11.20"]
[SourceVersion "1"]
[SourceVersionDate "2013.11.20"]
[SourceQuality "1"]

1. e4 c6 2. d4 d5 3. exd5 cxd5 4. c4 Nf6 5. Nc3 Nc6 6. Be3 e6 7. Nf3 Be7 8. c5 0-0 9. Bd3 b6 10. Bb5 Bb7 11. Bxc6 Bxc6 12. Ne5 Qc7 13. b4 bxc5 14. Nxc6 Qxc6 15. bxc5 Nd7 16. f4 f6 17. 0-0 e5 18. dxe5 Bxc5 19. Qxd5+ Qxd5 20. Nxd5 Bxe3+ 21. Nxe3 fxe5 22. fxe5 Nxe5 1/2-1/2

[Event "CZE-chTW U20 1011"]
[Site "Czech Republic"]
[Date "2010.10.02"]
[Round "1.4"]
[White "Krasny, Drahomir"]
[Black "Sabolova, Kristyna"]
[Result "1-0"]
[WhiteElo "1879"]
[BlackElo "1923"]
[PlyCount "85"]
[EventDate "2010.10.02"]
[EventType "team-tourn"]
[EventRounds "11"]
[EventCountry "CZE"]
[SourceTitle "EXT 2012"]
[Source "ChessBase"]
[SourceDate "2011.11.24"]
[SourceVersion "1"]
[SourceVersionDate "2011.11.24"]
[SourceQuality "1"]
[WhiteTeam "Udlice (U20)"]
[BlackTeam "Horice (U20)"]
[WhiteTeamCountry "CZE"]
[BlackTeamCountry "CZE"]

1. e4 c6 2. d4 d5 3. e5 Bf5 4. Bd3 Bxd3 5. Qxd3 e6 6. Nf3 a6 7. Nbd2 c5 8. c3 Nc6 9. 0-0 Qb6 10. Re1 Nge7 11. a3 Nf5 12. g4 Nfe7 13. Nf1 cxd4 14. cxd4 Na5 15. b4 Nc4 16. Ne3 Rc8 17. h3 Ng6 18. Nxc4 dxc4 19. Qd1 Qc6 20. Be3 Ne7 21. Nd2 b5 22. Rc1 Qb7 23. Qf3 Qxf3 24. Nxf3 Nd5 25. Ng5 Ra8 26. Ra1 Be7 27. Ne4 a5 28. bxa5 Rxa5 29. Bd2 Ra8 30. Reb1 Rb8 31. Bb4 Bxb4 32. axb4 0-0 33. Ra5 Nc7 34. Kf1 f5 35. Nc5 Ra8 36. Rba1 Rxa5 37. Rxa5 Ra8 38. Rxa8+ Nxa8 39. Nxe6 fxg4 40. hxg4 Nb6 41. Nc7 c3 42. Ke2 Nc4 43. Kd3 1-0